书目信息 |
| 题名: |
从大繁荣到大萧条
|
|
| 作者: | 艾伦 著 ;李思毓 译 | |
| 分册: | ||
| 出版信息: | 北京 北京理工大学出版社有限责任公司 2017 |
|
| 页数: | 313页 | |
| 开本: | 24cm | |
| 丛书名: | ||
| 单 册: | ||
| 中图分类: | F171.244 | |
| 科图分类: | ||
| 主题词: | 经济危机--研究--美国 | |
| 电子资源: | ||
| ISBN: | 978-7-5682-1441-4 | |
| 000 | 01184nam0 2200253 450 | |
| 001 | 012001005234 | |
| 005 | 20141008101905.0 | |
| 010 | @a978-7-5682-1441-4@b精装@dCNY49.80 | |
| 100 | @a20170802d2017 em y0chiy50 ea | |
| 101 | 1 | @achi@ceng |
| 102 | @aCN@b110000 | |
| 105 | @ay z 000yy | |
| 106 | @ar | |
| 200 | 1 | @a从大繁荣到大萧条@9cong da fan rong dao da xiao tiao@dOnly yesterday@ean informal history of the 1920s@f(美)弗雷德里克·刘易斯·艾伦著@g李思毓译@zeng |
| 210 | @a北京@c北京理工大学出版社有限责任公司@d2017 | |
| 215 | @a313页@d24cm | |
| 330 | @a本书详细记载了美国“一战”后的繁荣到1929年华尔街大崩盘的历史,是一部公认的经典金融史作。美国经济从繁荣到萧条,大有“其兴也勃焉,其亡也忽焉”之感,从高度繁荣到迅速萧条的历史对当今世界,包括中国在内的所有国家都有着*其重要的参考价值。了解这段历史有助于我们正视繁荣与萧条并存的经济现状,预知未来经济趋势。 | |
| 510 | 1 | @aOnly yesterday@ean informal history of the 1920s@zeng |
| 606 | 0 | @a经济危机@x研究@y美国 |
| 690 | @aF171.244@v5 | |
| 701 | 0 | @c(美)@a艾伦@9ai lun@c(Allen, Frederick Lewis@f1890-1954)@4著 |
| 702 | 0 | @a李思毓@9li si yu@4译 |
| 801 | 0 | @aCN@b上海新华@c20180901 |
| 905 | @b1173250-2@dF171.244@e208@f3 | |
| 从大繁荣到大萧条=Only yesterday:an informal history of the 1920s/(美)弗雷德里克·刘易斯·艾伦著/李思毓译.-北京:北京理工大学出版社有限责任公司,2017 |
| 313页;24cm |
| ISBN 978-7-5682-1441-4(精装):CNY49.80 |
| 本书详细记载了美国“一战”后的繁荣到1929年华尔街大崩盘的历史,是一部公认的经典金融史作。美国经济从繁荣到萧条,大有“其兴也勃焉,其亡也忽焉”之感,从高度繁荣到迅速萧条的历史对当今世界,包括中国在内的所有国家都有着*其重要的参考价值。了解这段历史有助于我们正视繁荣与萧条并存的经济现状,预知未来经济趋势。 |
| ● |
| 相关链接 |
|
|
|
|
正题名:从大繁荣到大萧条
索取号:F171.244/208
 
预约/预借
| 序号 | 登录号 | 条形码 | 馆藏地/架位号 | 状态 | 备注 |
| 1 | 1173250 | 211732507 | 第一样本阅览室/ [索取号:F171.244/208] | 在馆 | |
| 2 | 1173251 | 211732516 | 第一借阅区/ [索取号:F171.244/208] | 在馆 | |
| 3 | 1173252 | 211732525 | 密集书库-海洋学院/ [索取号:F171.244/208] | 在馆 |